<?xml version="1.0" encoding="UTF-8"?>
<record
    xmlns:xsi="http://www.w3.org/2001/XMLSchema-instance"
    xsi:schemaLocation="http://www.loc.gov/MARC21/slim http://www.loc.gov/standards/marcxml/schema/MARC21slim.xsd"
    xmlns="http://www.loc.gov/MARC21/slim">

  <leader>01103ngm a2200265Ia 4500</leader>
  <controlfield tag="001">CINE00785</controlfield>
  <controlfield tag="003">EcQuCN</controlfield>
  <controlfield tag="005">20240205094154.0</controlfield>
  <controlfield tag="006">a||||gr|||| 00| mz</controlfield>
  <controlfield tag="007">mc nfubzzgazauz|c201508</controlfield>
  <controlfield tag="008">150827s        ec ||||g |||| 00| mzspa d</controlfield>
  <datafield tag="040" ind1=" " ind2=" ">
    <subfield code="a">EcQuCN</subfield>
  </datafield>
  <datafield tag="084" ind1=" " ind2=" ">
    <subfield code="a">VHSER0057.1 - V8ER043 - DVDER930.1</subfield>
  </datafield>
  <datafield tag="245" ind1="1" ind2="0">
    <subfield code="a">Marcha por la cultura;</subfield>
    <subfield code="c">Producida por: CIESPAL</subfield>
  </datafield>
  <datafield tag="260" ind1=" " ind2=" ">
    <subfield code="a">Quito&#xA0;</subfield>
    <subfield code="b">Cinemateca Nacional</subfield>
  </datafield>
  <datafield tag="300" ind1=" " ind2=" ">
    <subfield code="a">11 minutos.</subfield>
  </datafield>
  <datafield tag="380" ind1=" " ind2=" ">
    <subfield code="a">Registro personal</subfield>
  </datafield>
  <datafield tag="500" ind1=" " ind2=" ">
    <subfield code="a">Fondo Cinemateca</subfield>
  </datafield>
  <datafield tag="516" ind1=" " ind2=" ">
    <subfield code="a">VHS - VIDEO 8 - DVD</subfield>
  </datafield>
  <datafield tag="520" ind1="1" ind2=" ">
    <subfield code="a">(No est&#xE1; editado) Marcha de directivos y trabajadores de la Casa de la Cultura Ecuatoriana y representantes de todos los n&#xFA;cleos marchan desde las dependencias de la instituci&#xF3;n en el parque de El Ejido hacia el palacio de gobierno, esto sucede en el gobierno de Sixto Dur&#xE1;n Ball&#xE9;n. Todos van a presentar el reclamo por la falta apoyo a la cultura. Van acompa&#xF1;ados de comparas, carteles y gritos de protesta.</subfield>
  </datafield>
  <datafield tag="522" ind1=" " ind2=" ">
    <subfield code="a">Quito / Pichincha</subfield>
  </datafield>
  <datafield tag="650" ind1=" " ind2="4">
    <subfield code="a">HISTORIA</subfield>
  </datafield>
  <datafield tag="700" ind1="1" ind2=" ">
    <subfield code="a">Ciespal </subfield>
    <subfield code="e">productor</subfield>
  </datafield>
  <datafield tag="942" ind1=" " ind2=" ">
    <subfield code="2">z</subfield>
    <subfield code="c">VHS</subfield>
  </datafield>
  <datafield tag="952" ind1=" " ind2=" ">
    <subfield code="0">0</subfield>
    <subfield code="1">0</subfield>
    <subfield code="2">z</subfield>
    <subfield code="4">0</subfield>
    <subfield code="6">VHSER00571__V8ER043__DVDER9301</subfield>
    <subfield code="7">0</subfield>
    <subfield code="8">GEN</subfield>
    <subfield code="9">839</subfield>
    <subfield code="a">CINE</subfield>
    <subfield code="b">CINE</subfield>
    <subfield code="d">2015-08-27</subfield>
    <subfield code="e">Cinemateca Nacional</subfield>
    <subfield code="l">0</subfield>
    <subfield code="o">VHSER0057.1 - V8ER043 - DVDER930.1</subfield>
    <subfield code="p">CN-0785</subfield>
    <subfield code="r">2015-08-27</subfield>
    <subfield code="t">Ej.1</subfield>
    <subfield code="w">2023-02-21</subfield>
    <subfield code="x">Migraci&#xF3;n</subfield>
    <subfield code="y">VHS</subfield>
  </datafield>
  <datafield tag="999" ind1=" " ind2=" ">
    <subfield code="c">828</subfield>
    <subfield code="d">828</subfield>
  </datafield>
</record>
